000 00726nam a2200229 i 4500
001 110878
003 ES-MaACL
005 20260112144020.0
007 t|
008 040429s1917 sp |||| | spa d
080 _a821.134.2-23"19"
100 1 _aOliver, Federico,
_d1873-1957
_986807
245 1 4 _aLos semidioses
_b: tragicomedia en tres actos y en prosa /
_cpor Federico Oliver.
260 _a[Madrid :
_bLa Novela Teatral,
_c1917]
300 _a50 p. ;
_c20 cm.
490 1 _aLa novela teatral ;
_v4
599 _aEn cub.: caricatura del autor por F.P. Fresno.
700 0 _aFresno,
_d1881-1949
_9169727
830 0 _aLa novela teatral ;
_v4
_9122427
852 _aES-MaACL
_j2214-F-3
999 _c110878
_d110878